| 000 | 00328nam a22001337a 4500 | ||
|---|---|---|---|
| 003 | SGT | ||
| 020 | _a9788125039624 | ||
| 082 |
_a934 _bTHA |
||
| 100 | _aTHAPAR , ROMILA | ||
| 245 |
_aANCIENT INDIAN SOCIAL HISTORY _bSOME INTERPRETATIONS |
||
| 260 |
_aHYDERBAD _bORIENT BLACK SWAN _c2019 |
||
| 300 | _aXII ,439 | ||
| 942 |
_2ddc _cBK _02 |
||
| 999 |
_c20954 _d20954 |
||